| 000 | 00415nam a2200181Ia 4500 | ||
|---|---|---|---|
| 008 | 210210b1920 xxu||||| |||| 00| 0 eng d | ||
| 041 | _aeng | ||
| 082 | _a331/212 | ||
| 100 | _aSHIRRAS (G F) | ||
| 245 | _aIndian finance and banking | ||
| 260 |
_aLondon _bMacmillan & Co. Ltd. _c1920 |
||
| 650 | _aIndian | ||
| 650 | _afinance | ||
| 650 | _abanking | ||
| 650 | _aand | ||
| 690 | _aBanking | ||
| 906 | _a004114 | ||
| 999 |
_c122949 _d122949 |
||